[Event "BL 9394 München 36-Koblenz"]
[Site "?"]
[Date "1994.??.??"]
[Round "?.5"]
[White "Brueckner, T."]
[Black "Pezerovic, E."]
[Result "0-1"]
[WhiteElo "2380"]
[BlackElo "2395"]
[PlyCount "120"]
[EventDate "1994.??.??"]

1. Nf3 Nf6 2. c4 e6 3. Nc3 d5 4. d4 Be7 5. Bg5 O-O 6. e3 c6 7. Bd3 Nbd7 8. cxd5
exd5 9. Qc2 Re8 10. O-O h6 11. Bf4 Nf8 12. h3 Be6 13. Rab1 a5 14. a3 N8d7 15.
Rfc1 Rc8 16. Ne5 Nxe5 17. Bxe5 Nd7 18. Bh2 b5 19. Bh7+ Kh8 20. Bf5 Bxf5 21.
Qxf5 Kg8 22. a4 b4 23. Ne2 g6 24. Qd3 Qb6 25. Rc2 c5 26. dxc5 Nxc5 27. Qb5 Qxb5
28. axb5 Na4 29. Rxc8 Rxc8 30. Be5 Nb6 31. Nd4 a4 32. Nc6 Kf8 33. Ra1 Bc5 34.
g4 a3 35. b3 Ra8 36. Bc7 Nc8 37. Ba5 Nd6 38. Bxb4 Bxb4 39. Nxb4 Nxb5 40. Nxd5
Rc8 41. Kf1 Rc2 42. Nb4 Rb2 43. Ke1 Rxb3 44. Nc2 Ke7 45. Kd2 Nd6 46. f3 Nc4+
47. Ke2 Rc3 48. Ra2 Kd6 49. e4 Ke5 50. Ne1 Rb3 51. Ra1 Re3+ 52. Kf2 Rb3 53. Ke2
Rc3 54. Ra2 g5 55. Ra1 Kf4 56. Nd3+ Kg3 57. Nb4 Re3+ 58. Kd1 Rb3 59. Nc2 Rxf3
60. Ke2 Rc3 0-1

[Event "BL 9394 München 36-Koblenz"]
[Site "?"]
[Date "1994.??.??"]
[Round "?.6"]
[White "Reich, T."]
[Black "Polster, W."]
[Result "1-0"]
[WhiteElo "2385"]
[BlackElo "2335"]
[PlyCount "121"]
[EventDate "1994.??.??"]

1. e4 c5 2. c3 Nf6 3. e5 Nd5 4. d4 cxd4 5. Nf3 Nc6 6. Bc4 Nb6 7. Bb3 d5 8. exd6
Qxd6 9. O-O Bf5 10. Nxd4 Nxd4 11. cxd4 e6 12. Nc3 Be7 13. Qf3 O-O 14. d5 Bf6
15. dxe6 Bxe6 16. Ne4 Qe7 17. Nxf6+ Qxf6 18. Qxf6 gxf6 19. Bh6 Bxb3 20. axb3
Rfe8 21. Rfd1 f5 22. Ra5 Rad8 23. Rxd8 Rxd8 24. g3 Rd6 25. Be3 Nd5 26. Bc5 Rd7
27. Rxa7 f6 28. Kg2 Kf7 29. Kf3 Ke6 30. Ra1 Kf7 31. Rd1 Ke6 32. b4 Rc7 33. Re1+
Kf7 34. Ra1 Ke6 35. Ra8 Kd7 36. Rh8 Ke6 37. h4 Rd7 38. b5 Rc7 39. Ba3 Rd7 40.
h5 Rc7 41. h6 Rd7 42. Bc5 Rc7 43. Be3 Rd7 44. b6 Kd6 45. Rc8 Ke6 46. Rh8 Kd6
47. Bd4 Rf7 48. Rc8 Kd7 49. Rg8 Kd6 50. b3 Rd7 51. b4 Ke6 52. Bc5 Nc3 53. Re8+
Kf7 54. Rc8 Nd5 55. Rb8 Kg6 56. Rg8+ Kxh6 57. Bf8+ Kh5 58. Bc5 Kh6 59. Kg2 Kh5
60. f3 Kh6 61. Kh3 1-0

[Event "BL 9394 München 36-Koblenz"]
[Site "?"]
[Date "1994.??.??"]
[Round "?.7"]
[White "Bohn, T."]
[Black "Geisler, F."]
[Result "1-0"]
[WhiteElo "2355"]
[BlackElo "2265"]
[PlyCount "58"]
[EventDate "1994.??.??"]

1. f4 d5 2. Nf3 Nf6 3. e3 Bg4 4. h3 Bxf3 5. Qxf3 Nbd7 6. d4 Ne4 7. Nc3 f5 8.
Nxe4 dxe4 9. Qf2 e6 10. Bc4 Qf6 11. Bd2 Nb6 12. Bb3 a5 13. a3 Bd6 14. O-O-O a4
15. Ba2 Qe7 16. g4 Nd7 17. Qe2 Ra6 18. Kb1 c6 19. Qc4 Nf8 20. gxf5 exf5 21.
Rhg1 b5 22. Qe2 Rb6 23. c4 bxc4 24. Ka1 Ng6 25. Qxc4 Qd7 26. Qxa4 Ke7 27. h4
Rhb8 28. Bc3 Kf8 29. Qc4 Ne7 1-0

[Event "BL 9394 München 36-Koblenz"]
[Site "?"]
[Date "1994.??.??"]
[Round "?.8"]
[White "Sandor, C."]
[Black "Hammes, M."]
[Result "1-0"]
[WhiteElo "2340"]
[BlackElo "2220"]
[PlyCount "71"]
[EventDate "1994.??.??"]

1. e4 e6 2. d4 d5 3. Nc3 Bb4 4. Qd3 dxe4 5. Qxe4 Nf6 6. Qh4 c5 7. dxc5 Bxc3+ 8.
bxc3 Qc7 9. Nf3 Nbd7 10. Bd3 Nxc5 11. O-O Nxd3 12. cxd3 O-O 13. Bh6 Ne8 14. Be3
f6 15. Rab1 Nd6 16. Rb4 Nf5 17. Qe4 Nd6 18. Qd4 Rd8 19. c4 Nf5 20. Qc3 Bd7 21.
d4 Bc6 22. Nd2 Qd6 23. Nb3 Nh4 24. f3 Nf5 25. Bf2 a5 26. Rb6 Qc7 27. d5 Bxd5
28. Nxa5 Rdc8 29. Rc1 Nd6 30. Qb4 Nxc4 31. Nxc4 Bxc4 32. Rxb7 Qf4 33. Rb1 Rxa2
34. Qe7 Qg5 35. Rc7 Ba6 36. Rxc8+ 1-0

[Event "BL 9394 Bayern-Porz"]
[Site "?"]
[Date "1994.??.??"]
[Round "?.2"]
[White "Yusupov, A."]
[Black "Hort, V."]
[Result "1/2-1/2"]
[WhiteElo "2665"]
[BlackElo "2535"]
[PlyCount "166"]
[EventDate "1994.??.??"]

1. d4 d6 2. e4 Nf6 3. Nc3 g6 4. f4 Bg7 5. Nf3 c5 6. Bb5+ Bd7 7. e5 Ng4 8. Bxd7+
Qxd7 9. d5 dxe5 10. h3 e4 11. Nxe4 Nf6 12. Nxf6+ Bxf6 13. O-O O-O 14. Be3 Na6
15. Ne5 Qd6 16. Ng4 Bxb2 17. Rb1 Bg7 18. f5 Nb4 19. c4 Nxa2 20. Rxb7 Nc3 21.
Qd3 gxf5 22. Rxf5 Qg6 23. Ne5 Ne2+ 24. Kf2 Bxe5 25. Rg5 Nf4 26. Rxg6+ fxg6 27.
Qe4 Bd6 28. Ke1 Rf7 29. Kd1 a5 30. Kc2 a4 31. Kb2 a3+ 32. Ka2 Ne2 33. Rb3 Rf1
34. Qe6+ Kh8 35. Rxa3 Nc3+ 36. Kb3 Rb1+ 37. Kxc3 Rxa3+ 38. Kc2 Rab3 39. Qf7
R1b2+ 40. Kd1 Rb1+ 41. Ke2 Rxe3+ 42. Kxe3 Rb8 43. h4 Rg8 44. g4 Rg7 45. Qe8+
Rg8 46. Qf7 Rg7 47. Qe6 Rg8 48. h5 gxh5 49. gxh5 Rg5 50. Qf7 h6 51. Kd3 Rg7 52.
Qf8+ Kh7 53. Kc2 Rg8 54. Qf5+ Kh8 55. Qf7 Rg3 56. Kb2 Be5+ 57. Kb1 Bd6 58. Ka2
Rg5 59. Kb3 Rg3+ 60. Ka4 Rg5 61. Kb5 Rg3 62. Kc6 Rg5 63. Kd7 Rg3 64. Qf8+ Kh7
65. Qf5+ Kg7 66. Ke8 Kh8 67. Qe6 Kg7 68. Qf7+ Kh8 69. Qf1 Kg7 70. Qf8+ Kh7 71.
Kd7 Rg5 72. Qf3 Kh8 73. Ke8 Rg8+ 74. Kf7 Rg7+ 75. Ke6 Rg5 76. Kd7 Kg7 77. Qc3+
Kg8 78. Qh3 Kg7 79. Ke8 Kh8 80. Qc3+ Kh7 81. Qc2+ Kg7 82. Qe2 Kh8 83. Qe6 Kg7
1/2-1/2

[Event "BL 9394 Bayern-Porz"]
[Site "?"]
[Date "1994.??.??"]
[Round "?.4"]
[White "Kindermann, S."]
[Black "Hickl, J."]
[Result "1/2-1/2"]
[WhiteElo "2535"]
[BlackElo "2535"]
[PlyCount "53"]
[EventDate "1994.??.??"]

1. e4 g6 2. d4 d6 3. Nc3 c6 4. Be3 Nf6 5. h3 Bg7 6. Bd3 e5 7. Nf3 Nbd7 8. O-O
O-O 9. Qd2 Qc7 10. a4 b6 11. Rfd1 exd4 12. Nxd4 a6 13. Nf3 Bb7 14. Bf1 d5 15.
exd5 cxd5 16. Bh6 Rac8 17. Bxg7 Kxg7 18. Nd4 Rfe8 19. f3 Ne5 20. Qf2 Nc4 21.
Bxc4 dxc4 22. Rd2 Re7 23. Re2 Rce8 24. Rae1 Rxe2 25. Rxe2 Rxe2 26. Ndxe2 Qd6
27. Qe3 1/2-1/2

[Event "BL 9394 Bayern-Porz"]
[Site "?"]
[Date "1994.??.??"]
[Round "?.6"]
[White "Stangl, M."]
[Black "Vogt, L."]
[Result "0-1"]
[WhiteElo "2540"]
[BlackElo "2495"]
[PlyCount "84"]
[EventDate "1994.??.??"]

1. Nf3 Nf6 2. c4 g6 3. g3 Bg7 4. Bg2 O-O 5. d4 d6 6. O-O Nbd7 7. Nc3 e5 8. e4
a6 9. Be3 exd4 10. Bxd4 Re8 11. Qc2 Ne5 12. Nxe5 dxe5 13. Bc5 Be6 14. Rfd1 Nd7
15. Bf1 Qc8 16. Be3 Bf8 17. Rd2 c6 18. Rad1 b5 19. f4 Nf6 20. Kh1 exf4 21. Bxf4
bxc4 22. Bg2 Nd7 23. Na4 Qb7 24. Bd6 Bg4 25. Rf1 Bxd6 26. Rxd6 Ne5 27. h3 Qb4
28. Rd4 Be6 29. Rfd1 Rab8 30. R1d2 h5 31. Qd1 Qe7 32. Qe1 c5 33. Rd6 Nd3 34.
R2xd3 cxd3 35. Rxd3 Bxa2 36. Qf2 Rec8 37. Rc3 Rb5 38. Rc1 Be6 39. Bf1 c4 40.
Nc3 Rb3 41. Rc2 Rcb8 42. Nd1 Qd6 0-1

[Event "BL 9394 Bayern-Porz"]
[Site "?"]
[Date "1994.??.??"]
[Round "?.7"]
[White "Mainka, R."]
[Black "Gabriel, C."]
[Result "1/2-1/2"]
[WhiteElo "2480"]
[BlackElo "2530"]
[PlyCount "89"]
[EventDate "1994.??.??"]

1. e4 e5 2. Nf3 Nc6 3. d4 exd4 4. Nxd4 Nf6 5. Nc3 Bb4 6. Nxc6 bxc6 7. Bd3 d5 8.
exd5 cxd5 9. O-O O-O 10. Bg5 Be6 11. Nb5 c5 12. c3 Ba5 13. Qf3 h6 14. Bh4 Bb6
15. h3 a6 16. Bxf6 Qxf6 17. Qxf6 gxf6 18. Nd6 c4 19. Bc2 d4 20. cxd4 Bxd4 21.
Rab1 Rab8 22. b3 cxb3 23. Bxb3 Rfd8 24. Ne4 f5 25. Ng3 Be5 26. f4 Bc7 27. Rbc1
Rbc8 28. Kh1 Ba5 29. Rfd1 Rxc1 30. Rxc1 Rd3 31. Kh2 Rc3 32. Rxc3 Bxc3 33. Ne2
Bf6 34. Kg3 Kf8 35. Kf3 Ke7 36. Ke3 Kd6 37. Nd4 Bd8 38. Kd3 Bb6 39. Bc4 a5 40.
Bb3 Bc5 41. Nf3 a4 42. Bc4 Bf2 43. Nd4 h5 44. a3 h4 45. Nxe6 1/2-1/2

[Event "BL 9394 Bayern-Porz"]
[Site "?"]
[Date "1994.??.??"]
[Round "?.8"]
[White "Bischoff, K."]
[Black "Brunner, L."]
[Result "1/2-1/2"]
[WhiteElo "2500"]
[BlackElo "2480"]
[PlyCount "42"]
[EventDate "1994.??.??"]

1. c4 e5 2. Nc3 Nf6 3. Nf3 Nc6 4. g3 d5 5. cxd5 Nxd5 6. Bg2 Nb6 7. O-O Be7 8.
a3 a5 9. d3 O-O 10. Be3 Be6 11. Rc1 f5 12. Bxb6 cxb6 13. Qa4 Bc5 14. Rfd1 Nd4
15. Nxd4 exd4 16. Nb1 Qe7 17. Nd2 Rfd8 18. Nb3 Bd7 19. Qc4+ Be6 20. Qa4 Bd7 21.
Qc4+ Be6 1/2-1/2

[Event "BL 9394 Koblenz-Bayern"]
[Site "?"]
[Date "1994.??.??"]
[Round "?.1"]
[White "Huebner, R."]
[Black "Seul, G."]
[Result "1-0"]
[WhiteElo "2610"]
[BlackElo "2425"]
[PlyCount "99"]
[EventDate "1994.??.??"]

1. e4 Nf6 2. e5 Nd5 3. d4 d6 4. Nf3 g6 5. Bc4 Nb6 6. Bb3 Bg7 7. Ng5 e6 8. f4
dxe5 9. fxe5 c5 10. c3 cxd4 11. cxd4 Nc6 12. Nf3 f6 13. exf6 Qxf6 14. Be3 Nd5
15. Bf2 Bh6 16. O-O Ne3 17. Qd2 Ng4 18. Qd3 Nxf2 19. Rxf2 O-O 20. Nc3 Kh8 21.
Re1 Bd7 22. Ne4 Qe7 23. Nc5 e5 24. Nxd7 Qxd7 25. d5 Qd6 26. Qe2 Nd4 27. Qxe5+
Qxe5 28. Nxe5 Rxf2 29. Kxf2 Rf8+ 30. Kg1 Bd2 31. Rd1 Nxb3 32. axb3 Bb4 33. g3
Bd6 34. Nc4 Rd8 35. Kg2 Kg7 36. Kf3 Kf7 37. Ke4 Ke7 38. Kd4 Kd7 39. Na5 Rf8 40.
Nxb7 Rf2 41. Ra1 Rd2+ 42. Kc4 Rc2+ 43. Kb5 Rxh2 44. Rxa7 Bxg3 45. Nc5+ Ke8 46.
Kc6 Rd2 47. Rxh7 Be5 48. Rh3 Kf7 49. Rf3+ Kg8 50. Rd3 1-0

[Event "BL 9394 Koblenz-Bayern"]
[Site "?"]
[Date "1994.??.??"]
[Round "?.3"]
[White "Ribli, Z."]
[Black "Fritsche, L."]
[Result "1-0"]
[WhiteElo "2600"]
[BlackElo "2375"]
[PlyCount "55"]
[EventDate "1994.??.??"]

1. Nf3 g6 2. d4 Bg7 3. c4 d6 4. g3 e5 5. Nc3 exd4 6. Nxd4 Ne7 7. Bg2 Nbc6 8.
Nxc6 Nxc6 9. Be3 O-O 10. Rc1 Bd7 11. Qd2 Ne5 12. b3 Qc8 13. f4 Nc6 14. O-O Bh3
15. Nd5 Re8 16. Rfd1 Bxg2 17. Kxg2 Qd7 18. Qd3 Re6 19. Bf2 Rae8 20. e3 Ne7 21.
Re1 c6 22. Nc3 f5 23. b4 d5 24. Red1 Rd6 25. b5 Qe6 26. e4 Bxc3 27. exd5 Qd7
28. dxc6 1-0

[Event "BL 9394 Koblenz-Bayern"]
[Site "?"]
[Date "1994.??.??"]
[Round "?.4"]
[White "Polster, W."]
[Black "Schlosser, P."]
[Result "1/2-1/2"]
[WhiteElo "2335"]
[BlackElo "2540"]
[PlyCount "110"]
[EventDate "1994.??.??"]

1. e4 c5 2. Nc3 Nc6 3. g3 g6 4. Bg2 Bg7 5. d3 d6 6. Be3 Rb8 7. Qd2 b5 8. Nf3
Nd4 9. O-O Bg4 10. Nh4 b4 11. Nd1 Qa5 12. f4 Qa4 13. Nf2 Bd7 14. Rfc1 Nb5 15.
c3 bxc3 16. bxc3 Na3 17. e5 Nh6 18. exd6 exd6 19. Ne4 Rb6 20. Nxc5 dxc5 21.
Bxc5 Ra6 22. Bd5 Kd8 23. f5 Nxf5 24. Nxf5 Bxf5 25. d4 Re8 26. Bxf7 Re4 27. Bd5
Nc4 28. Qg5+ Bf6 29. Qh6 Re8 30. Re1 Nd6 31. Qf4 Nc8 32. g4 Bd7 33. Rxe8+ Bxe8
34. Re1 g5 35. Qf1 Be7 36. Bb3 Qd7 37. Bxe7+ Nxe7 38. Qxa6 Qxg4+ 39. Kf2 Qh4+
40. Ke2 Bh5+ 41. Kd2 Qf2+ 42. Re2 Bxe2 43. Qxe2 Qf4+ 44. Kc2 g4 45. Be6 h5 46.
d5 Kc7 47. Kb3 Qd6 48. c4 Ng6 49. Bf7 Nf4 50. Qd2 Qf6 51. Bg8 Qb6+ 52. Ka4 Qa6+
53. Kb3 Qb6+ 54. Ka4 Qa6+ 55. Kb3 Qb6+ 1/2-1/2

[Event "BL 9394 Koblenz-Bayern"]
[Site "?"]
[Date "1994.??.??"]
[Round "?.5"]
[White "Boensch, U."]
[Black "Bohn, T."]
[Result "1-0"]
[WhiteElo "2535"]
[BlackElo "2355"]
[PlyCount "120"]
[EventDate "1994.??.??"]

1. d4 e6 2. c4 f5 3. g3 Nf6 4. Bg2 Be7 5. Nf3 d6 6. O-O O-O 7. b3 Qe8 8. Nc3 a5
9. a3 Qg6 10. Qc2 Ne4 11. Bb2 Nd7 12. e3 Ndf6 13. Nxe4 fxe4 14. Nd2 d5 15. f3
exf3 16. Qxg6 f2+ 17. Rxf2 hxg6 18. e4 Rd8 19. Re1 Ng4 20. Rfe2 dxc4 21. bxc4
e5 22. h3 Nh6 23. d5 Nf7 24. Kh2 Re8 25. Rf1 Bd6 26. Ref2 Re7 27. Nb3 a4 28.
Nc1 b5 29. cxb5 Rb8 30. Nd3 Bd7 31. Rc1 Bxb5 32. Nc5 Bxc5 33. Rxc5 Nd6 34. Rd2
Bd3 35. Bxe5 Bxe4 36. Bc3 Bxg2 37. Kxg2 Rb3 38. Bb4 Ree3 39. Rxc7 Rxg3+ 40. Kf1
Ne4 41. Rc8+ Kh7 42. Rd4 Rge3 43. Bd2 Ng3+ 44. Kg1 Rf3 45. Rh4+ Nh5 46. d6 Rfd3
47. Bb4 Rb2 48. Rf8 Rd1+ 49. Rf1 Rd3 50. Rf2 Rb1+ 51. Kh2 Rbd1 52. Rg2 Rf1 53.
Bc5 Rd5 54. Rc2 Rff5 55. Rd4 Nf4 56. Rxd5 Rxd5 57. Bb4 g5 58. Rd2 Rxd2+ 59.
Bxd2 Ne6 60. Kg3 Kg6 1-0

[Event "BL 9394 Koblenz-Bayern"]
[Site "?"]
[Date "1994.??.??"]
[Round "?.6"]
[White "Hammes, M."]
[Black "Stangl, M."]
[Result "0-1"]
[WhiteElo "2220"]
[BlackElo "2540"]
[PlyCount "84"]
[EventDate "1994.??.??"]

1. d4 d5 2. c4 e6 3. Nc3 c6 4. cxd5 exd5 5. Nf3 Bf5 6. Bf4 Nf6 7. e3 Qb6 8. Qc1
Nbd7 9. h3 a5 10. Be2 a4 11. a3 Qa5 12. Nh4 Be6 13. Bd3 Ne4 14. O-O g5 15. Bxg5
Nxg5 16. f4 Nxh3+ 17. gxh3 Bxh3 18. Rf3 Bg4 19. Rg3 h5 20. Qc2 Qd8 21. Qh2 Qf6
22. Rf1 Be7 23. Nf3 Bf5 24. Bxf5 Qxf5 25. Ne5 O-O-O 26. Rc1 Nxe5 27. fxe5 Rhg8
28. Rf1 Qe6 29. Kh1 h4 30. Rgf3 Rg3 31. Rxg3 hxg3 32. Qh7 f6 33. Qf5 Qxf5 34.
Rxf5 fxe5 35. Rxe5 Bd6 36. Rg5 Re8 37. Nxa4 Rxe3 38. Nc5 Bxc5 39. dxc5 Rb3 40.
Kg2 Rxb2+ 41. Kxg3 Rc2 42. Kf4 Rxc5 0-1

[Event "BL 9394 Porz-München 36"]
[Site "?"]
[Date "1994.??.??"]
[Round "?.1"]
[White "Hertneck, G."]
[Black "Lutz, C."]
[Result "1/2-1/2"]
[WhiteElo "2615"]
[BlackElo "2595"]
[PlyCount "73"]
[EventDate "1994.??.??"]

1. d4 Nf6 2. c4 e6 3. Nf3 d5 4. Nc3 c5 5. cxd5 Nxd5 6. e4 Nxc3 7. bxc3 cxd4 8.
cxd4 Bb4+ 9. Bd2 Bxd2+ 10. Qxd2 O-O 11. Bc4 Nc6 12. O-O b6 13. Rfe1 Bb7 14.
Rad1 Na5 15. Bf1 h6 16. Qb4 Nc6 17. Qb2 Qf6 18. Ne5 Rfd8 19. Ng4 Qg5 20. h3
Rac8 21. a3 Qa5 22. d5 exd5 23. e5 d4 24. e6 Qd5 25. exf7+ Qxf7 26. Rd3 Re8 27.
Rxe8+ Rxe8 28. Qd2 Qe6 29. Rg3 Kh8 30. Qf4 Ne5 31. Qxd4 Nxg4 32. hxg4 Qf6 33.
Qxf6 gxf6 34. Rd3 Ba6 35. Rd1 Bxf1 36. Kxf1 Re7 37. f3 1/2-1/2

[Event "BL 9394 Porz-München 36"]
[Site "?"]
[Date "1994.??.??"]
[Round "?.3"]
[White "Hodgson, JM."]
[Black "Christiansen, L."]
[Result "1/2-1/2"]
[WhiteElo "2570"]
[BlackElo "2560"]
[PlyCount "130"]
[EventDate "1994.??.??"]

1. c4 Nf6 2. Nc3 e5 3. Nf3 Nc6 4. g3 Bb4 5. Bg2 O-O 6. O-O d6 7. d3 h6 8. Na4
a5 9. b3 Re8 10. Bb2 Bc5 11. Nxc5 dxc5 12. Nd2 Bf5 13. Bxc6 bxc6 14. f3 Nh7 15.
Kh1 Ng5 16. Qe1 f6 17. Qf2 Ne6 18. f4 exf4 19. gxf4 Qd6 20. Qg3 Nd4 21. e4 Bh7
22. Rf2 Rad8 23. Rg1 Rd7 24. Bc3 f5 25. e5 Qf8 26. Bxd4 cxd4 27. Rfg2 Re6 28.
Nf3 c5 29. Nh4 Qe8 30. Qf3 Kh8 31. Rg3 Rde7 32. Qg2 Qc6 33. Qxc6 Rxc6 34. Ng6+
Bxg6 35. Rxg6 Rce6 36. h4 Kg8 37. h5 Kf8 38. R1g2 Rb6 39. Rxb6 cxb6 40. Rg6 Rb7
41. Kg2 a4 42. bxa4 Ra7 43. Rxb6 Rxa4 44. Rb2 Ra3 45. Rd2 Rc3 46. Kf2 Ke7 47.
Ke2 Kd7 48. Rb2 Ra3 49. Rb7+ Ke6 50. Rb6+ Ke7 51. Rb2 Kd7 52. Rb7+ Ke6 53. Rb6+
Ke7 54. Rb5 Rxa2+ 55. Kf3 Rd2 56. Rxc5 Rxd3+ 57. Kf2 Rd2+ 58. Ke1 Rc2 59. Rc7+
Ke6 60. Rc6+ Ke7 61. c5 d3 62. Rg6 Rxc5 63. Rxg7+ Ke6 64. Kd2 Rc4 65. Rg6+ Kd5
1/2-1/2

[Event "BL 9394 Porz-München 36"]
[Site "?"]
[Date "1994.??.??"]
[Round "?.4"]
[White "Hickl, J."]
[Black "Klundt, K."]
[Result "1/2-1/2"]
[WhiteElo "2535"]
[BlackElo "2380"]
[PlyCount "83"]
[EventDate "1994.??.??"]

1. e4 c5 2. c3 e5 3. Nf3 Nc6 4. a3 Nf6 5. d3 d5 6. Nbd2 Be7 7. b4 a6 8. Be2 O-O
9. O-O Re8 10. Qc2 Bg4 11. Re1 Rc8 12. Qb1 b5 13. Bb2 Bf8 14. exd5 Nxd5 15. g3
Nb6 16. bxc5 Bxc5 17. Ne4 Bf8 18. Bc1 h6 19. Nh4 Be6 20. Be3 Na4 21. c4 bxc4
22. dxc4 Nd4 23. Bxd4 exd4 24. Bd3 Be7 25. Nf3 Nc3 26. Qb3 Nxe4 27. Rxe4 Bf6
28. Qa4 Qd6 29. Qb4 Red8 30. Nd2 Bg5 31. Qxd6 Rxd6 32. f4 Bf6 33. Ree1 Rb6 34.
Rab1 Rxb1 35. Rxb1 Be7 36. Rb7 Re8 37. a4 a5 38. Nf3 Bb4 39. Ne5 Bc8 40. Rc7
Be6 41. Kf2 f6 42. Nc6 1/2-1/2

[Event "BL 9394 Porz-München 36"]
[Site "?"]
[Date "1994.??.??"]
[Round "?.5"]
[White "Pezerovic, E."]
[Black "Vaganian, R."]
[Result "0-1"]
[WhiteElo "2395"]
[BlackElo "2625"]
[PlyCount "106"]
[EventDate "1994.??.??"]

1. Nf3 d5 2. d4 Bf5 3. Bf4 e6 4. e3 Nf6 5. Bd3 Bxd3 6. Qxd3 c5 7. Bxb8 Rxb8 8.
Qb5+ Nd7 9. Ne5 Bd6 10. Qxd7+ Qxd7 11. Nxd7 Kxd7 12. a4 Rhc8 13. c3 cxd4 14.
exd4 b5 15. axb5 Rxb5 16. Rxa7+ Ke8 17. Ra2 Rcb8 18. Ke2 Rxb2+ 19. Rxb2 Rxb2+
20. Nd2 Bf4 21. Rd1 g5 22. h3 Rc2 23. Kd3 Ra2 24. Ke2 h5 25. g3 Bxd2 26. Rxd2
Ra4 27. Ke3 Ra1 28. Rc2 Rh1 29. Kf3 Rxh3 30. Kg2 g4 31. c4 dxc4 32. Rxc4 Kd7
33. Ra4 Kd6 34. Ra7 f5 35. Rh7 Kd5 36. Rd7+ Kc6 37. Rh7 Kd6 38. f4 Kc6 39. Re7
h4 40. gxh4 Kd5 41. Rd7+ Ke4 42. Rd6 Kxf4 43. Rxe6 Rg3+ 44. Kf1 Rd3 45. h5 Kf3
46. h6 g3 47. Re1 Rxd4 48. Rb1 Rh4 49. Rb3+ Kg4 50. Rb6 Rh2 51. Kg1 f4 52. Ra6
f3 53. Rg6+ Kh3 0-1

[Event "BL 9394 Porz-München 36"]
[Site "?"]
[Date "1994.??.??"]
[Round "?.6"]
[White "Vogt, L."]
[Black "Reich, T."]
[Result "1-0"]
[WhiteElo "2495"]
[BlackElo "2385"]
[PlyCount "53"]
[EventDate "1994.??.??"]

1. e4 c5 2. c3 Nf6 3. e5 Nd5 4. d4 cxd4 5. Nf3 Nc6 6. cxd4 e6 7. Bd3 d6 8. a3
dxe5 9. dxe5 Qc7 10. O-O Nxe5 11. Nxe5 Qxe5 12. Bb5+ Bd7 13. Bxd7+ Kxd7 14. Re1
Qd6 15. Qf3 Be7 16. Nc3 Nxc3 17. bxc3 Qc6 18. Qxf7 Rae8 19. Be3 Rhf8 20. Qxg7
Rg8 21. Qd4+ Kc8 22. g3 h5 23. Qxa7 h4 24. Bf4 Bd6 25. Bxd6 Qxd6 26. Re4 Qd5
27. Rxh4 1-0

[Event "BL 9394 Porz-München 36"]
[Site "?"]
[Date "1994.??.??"]
[Round "?.7"]
[White "Geisler, F."]
[Black "Mainka, R."]
[Result "1-0"]
[WhiteElo "2265"]
[BlackElo "2480"]
[PlyCount "57"]
[EventDate "1994.??.??"]

1. e4 c5 2. Nf3 d6 3. d4 cxd4 4. Nxd4 Nf6 5. Nc3 e6 6. Be2 Be7 7. O-O O-O 8. f4
a6 9. Kh1 Qc7 10. a4 Nc6 11. Be3 Re8 12. Bf3 Rb8 13. Qd2 Bd7 14. Nb3 b6 15. g4
Bc8 16. g5 Nd7 17. Bg2 Bf8 18. Rf3 g6 19. Rh3 Bb7 20. Qf2 Ne7 21. Qh4 h6 22.
gxh6 Kh7 23. Nd4 e5 24. Nf3 f6 25. f5 Qc4 26. fxg6+ Nxg6 27. Qh5 Qf7 28. Rg3
Be7 29. Rf1 1-0

[Event "BL 9394 Porz-München 36"]
[Site "?"]
[Date "1994.??.??"]
[Round "?.8"]
[White "Brunner, L."]
[Black "Sandor, C."]
[Result "1-0"]
[WhiteElo "2480"]
[BlackElo "2340"]
[PlyCount "69"]
[EventDate "1994.??.??"]

1. c4 c5 2. Nf3 g6 3. d4 cxd4 4. Nxd4 Nc6 5. e4 Nf6 6. Nc3 d6 7. Nc2 Bg7 8. Be2
Nd7 9. Bd2 O-O 10. O-O Nc5 11. b3 Bxc3 12. Bxc3 Nxe4 13. Bb2 Qa5 14. Bf3 Nd2
15. Bxc6 Nxf1 16. Bd5 e6 17. Qd4 f6 18. Bc3 Qc7 19. Bf3 Nxh2 20. Kxh2 a5 21.
Kg1 Bd7 22. Rd1 Ra6 23. Qh4 Kg7 24. Ne3 Bc6 25. Ng4 e5 26. Qh6+ Kg8 27. Bd5+
Bxd5 28. Rxd5 a4 29. Qd2 axb3 30. axb3 Rc6 31. Bb4 Qb6 32. Bxd6 Ra8 33. Nxf6+
Kf7 34. Ne4 Qxb3 35. Ng5+ 1-0

[Event "BL 9394 HSK-Erfurt"]
[Site "?"]
[Date "1994.??.??"]
[Round "?.2"]
[White "Wahls, M."]
[Black "Casper, T."]
[Result "1-0"]
[WhiteElo "2520"]
[BlackElo "2440"]
[PlyCount "79"]
[EventDate "1994.??.??"]

1. e4 e6 2. d4 d5 3. Nd2 c5 4. exd5 exd5 5. Ngf3 Nc6 6. Bb5 Bd6 7. dxc5 Bxc5 8.
O-O Nge7 9. Nb3 Bb6 10. Re1 O-O 11. Be3 Bf5 12. c3 Be4 13. Nfd2 Bg6 14. Nf1 Re8
15. Qd2 Qc7 16. Ng3 Rad8 17. Rad1 h6 18. Ba4 Nc8 19. Nf1 Bxe3 20. Nxe3 Nb6 21.
Bb5 Rf8 22. Nd4 Ne5 23. f4 Nec4 24. Bxc4 Nxc4 25. Qf2 Nxe3 26. Rxe3 Be4 27. f5
Qb6 28. Rf1 Rd6 29. g4 a6 30. h4 g6 31. fxg6 Rxg6 32. Rg3 Qd6 33. Ne2 Qd8 34.
Qh2 Qd7 35. Qh3 Kh8 36. Nf4 Rg7 37. Nh5 Rg6 38. Nf6 Qd6 39. g5 Rc8 40. Qxc8+
1-0

[Event "BL 9394 HSK-Erfurt"]
[Site "?"]
[Date "1994.??.??"]
[Round "?.3"]
[White "Maiwald, JU."]
[Black "Ftacnik, L."]
[Result "0-1"]
[WhiteElo "2490"]
[BlackElo "2565"]
[PlyCount "68"]
[EventDate "1994.??.??"]

1. d4 Nf6 2. Nf3 g6 3. Bg5 Bg7 4. Nbd2 d5 5. c3 O-O 6. e3 Nbd7 7. Be2 Re8 8.
O-O c6 9. h3 e5 10. dxe5 Nxe5 11. Nxe5 Rxe5 12. Bf4 Re7 13. Qb3 Be6 14. Qa3 Rd7
15. Nf3 Ne4 16. Nd4 Qh4 17. Rad1 g5 18. Bh2 Bf8 19. Qb3 Re8 20. c4 Bd6 21. Bxd6
Nxd6 22. Nf3 Qh6 23. cxd5 Bxd5 24. Rxd5 cxd5 25. Qxd5 Rdd8 26. Bd1 Qg7 27. Bb3
h6 28. Rd1 Qf6 29. Rd4 Nf5 30. Qxb7 Nxd4 31. exd4 Re7 32. Qb4 Red7 33. Qa5 Qf4
34. Qc5 Rc7 0-1

[Event "BL 9394 HSK-Erfurt"]
[Site "?"]
[Date "1994.??.??"]
[Round "?.4"]
[White "Mueller, Ka"]
[Black "Schwarz, M."]
[Result "1/2-1/2"]
[WhiteElo "2480"]
[BlackElo "2390"]
[PlyCount "68"]
[EventDate "1994.??.??"]

1. e4 c5 2. Nf3 d6 3. d4 cxd4 4. Nxd4 Nf6 5. Nc3 a6 6. Bc4 e6 7. O-O b5 8. Bb3
Be7 9. Qf3 Qb6 10. Be3 Qb7 11. Qg3 Nc6 12. Nxc6 Qxc6 13. Rfe1 O-O 14. Bh6 Ne8
15. Nd5 Qb7 16. Nxe7+ Qxe7 17. Rad1 a5 18. a3 a4 19. Ba2 Qf6 20. Bc1 Bb7 21. c3
h6 22. f4 Rd8 23. e5 Qf5 24. Be3 Be4 25. Bc5 dxc5 26. Rxd8 c4 27. Qe3 Bd3 28.
Qd4 g5 29. fxg5 hxg5 30. Qc5 f6 31. Qe7 fxe5 32. h3 Qf2+ 33. Kh2 Qxe1 34. Rxd3
Nf6 1/2-1/2

[Event "BL 9394 HSK-Erfurt"]
[Site "?"]
[Date "1994.??.??"]
[Round "?.5"]
[White "Enders, P."]
[Black "Michaelsen, N."]
[Result "1/2-1/2"]
[WhiteElo "2465"]
[BlackElo "2430"]
[PlyCount "133"]
[EventDate "1994.??.??"]

1. e4 d5 2. exd5 Qxd5 3. Nc3 Qa5 4. d4 c6 5. Bc4 Bf5 6. Nf3 Nf6 7. Bd2 e6 8.
Qe2 Bb4 9. O-O-O Nbd7 10. a3 Bxc3 11. Bxc3 Qc7 12. Bd2 b5 13. Ba2 a5 14. Ne5 h5
15. f3 Nxe5 16. dxe5 Nd5 17. g4 Bg6 18. Bg5 a4 19. Rd4 Qb6 20. Rhd1 Rc8 21. h4
Qc5 22. Bb1 O-O 23. gxh5 Bxh5 24. Qg2 Rfe8 25. Bh6 g6 26. Bg5 Rb8 27. Qd2 b4
28. axb4 Nxb4 29. Qc3 Qxc3 30. bxc3 Nd5 31. R1d3 Ra8 32. c4 Nb4 33. Ra3 c5 34.
Rd6 Rec8 35. c3 Nc6 36. f4 Na5 37. Ba2 Nc6 38. Bb1 Na5 39. Ba2 Nc6 40. Kd2 Bf3
41. Ke3 Bg2 42. Bb1 Na5 43. Rxa4 Bc6 44. Rxa5 Rxa5 45. h5 Ra1 46. Bd3 gxh5 47.
f5 Re1+ 48. Kf4 Rg1 49. Be2 Rg2 50. fxe6 Rxe2 51. e7 f6 52. Bxf6 Kf7 53. Rd8
Rc7 54. Rf8+ Ke6 55. e8=Q+ Bxe8 56. Rxe8+ Kf7 57. Rh8 Kg6 58. Rg8+ Kh7 59. Rg3
Ra7 60. Kg5 Raa2 61. Kxh5 Rg2 62. Rd3 Rad2 63. Rd5 Rdf2 64. Rd8 Rh2+ 65. Kg5
Rhg2+ 66. Kh5 Rh2+ 67. Kg5 1/2-1/2

[Event "BL 9394 HSK-Erfurt"]
[Site "?"]
[Date "1994.??.??"]
[Round "?.6"]
[White "Wegner, H."]
[Black "Mueller, Mat"]
[Result "0-1"]
[WhiteElo "2385"]
[BlackElo "2350"]
[PlyCount "80"]
[EventDate "1994.??.??"]

1. d4 d5 2. c4 c6 3. Nf3 Nf6 4. Nc3 e6 5. Bg5 dxc4 6. e4 b5 7. e5 h6 8. Bh4 g5
9. Nxg5 hxg5 10. Bxg5 Nbd7 11. g3 Bb7 12. Bg2 Qb6 13. exf6 O-O-O 14. O-O c5 15.
d5 b4 16. Na4 Qb5 17. a3 Ne5 18. Qe2 Bd6 19. axb4 cxb4 20. b3 exd5 21. Rfc1 Kb8
22. h4 Rhe8 23. Qf1 Nd3 24. Rd1 Be5 25. Rab1 Bd4 26. Rd2 Ba6 27. Rbd1 Rd6 28.
Bf3 Rde6 29. Rxd3 cxd3 30. Bf4+ Be5 31. Bxe5+ Rxe5 32. Nb2 Rf5 33. Bg4 Rxf6 34.
Nxd3 Re4 35. Qh3 Rd4 36. Nxb4 Rxd1+ 37. Bxd1 Qe8 38. Bf3 Qe1+ 39. Kh2 Qxf2+ 40.
Bg2 Bc8 0-1